Carregando...

Studies in rural participation

Detalhes bibliográficos
Autor principal: Amit Bhaduri
Outros Autores: Anisur Rahman
Formato: Printed Book
Idioma:Undetermined
English
Publicado em: New Delhi Oxford and IBH publishing 1982
Assuntos:
LEADER 00585nam a2200181Ia 4500
008 140306s9999 xx 000 0 und d
041 |a eng 
082 |a 330  |b AMI/ST 
100 |a Amit Bhaduri 
700 |a Anisur Rahman 
245 |a Studies in rural participation 
260 |a New Delhi  |b Oxford and IBH publishing  |c 1982 
300 |a 229 
650 |a Agricultural cooperatives 
650 |a Economics 
942 |2 ddc  |c BK 
999 |c 119686  |d 119686 
952 |0 0  |1 0  |2 ddc  |4 0  |6 330_000000000000000_AMIST  |7 0  |9 118854  |a KAUHCV  |b KAUHCV  |d 2004-05-05  |o 330 AMI/ST  |p KAU_HCV-17905  |r 2014-03-22  |w 2014-03-22  |y BK